Methods for emission spectrochemical analysis, 1977 supplement : general practices, nomenclature, standard methods, proposed methods, suggested methods /

Bibliographic Details
Corporate Author: ASTM Committee E-2 on Emission Spectroscopy
Format: Book
Language:English
Published: Philadelphia, Pa. : American Society for Testing and Materials, 1977.
Subjects:

MARC

Tag First Indicator Second Indicator Subfields
LEADER 00000cam a2200000 a 4500
001 in00000073729
005 20151008054701.0
008 780620s1977 paua b 00110 eng d
020 |a 0350207739 
035 |a (OCoLC)03986827 
035 |9 AAJ1373AM 
040 |a OUN  |c OUN  |d TXA  |d UtOrBLW 
049 |a TXAM  |c [1654930] 
090 |a QD95  |b .A5 1977 
110 2 |a ASTM Committee E-2 on Emission Spectroscopy. 
245 1 0 |a Methods for emission spectrochemical analysis, 1977 supplement :  |b general practices, nomenclature, standard methods, proposed methods, suggested methods /  |c sponsored by ASTM Committee E-2 on Emission Spectroscopy. 
264 1 |a Philadelphia, Pa. :  |b American Society for Testing and Materials,  |c 1977. 
300 |a xvii, 250 pages :  |b illustrations ;  |c 24 cm. 
336 |a text  |b txt  |2 rdacontent 
337 |a unmediated  |b n  |2 rdamedia 
338 |a volume  |b nc  |2 rdacarrier 
500 |a "This volumes is ... a supplement and companion volume to the 1971 edition ... " 
500 |a Includes index. 
504 |a Bibliography: pages 221-227. 
650 0 |a Spectrum analysis. 
999 |a MARS 
999 f f |s fdbe4bdc-46d3-37b9-9836-812f406aebed  |i 68c1f5e8-be41-3c3b-ac1c-d8562a5afb04  |t 0 
952 f f |p normal  |a Texas A&M University  |b College Station  |c Sterling C. Evans Library  |d Evans: Library Stacks  |t 0  |e QD95 .A5 1977  |h Library of Congress classification  |i unmediated -- volume  |m A14806210951 
998 f f |a QD95 .A5 1977  |t 0  |l Evans: Library Stacks